Statistics for Tom Brady Filmography

Click here to take the quiz!

General Stats

  • This quiz has been taken 10 times
    (2 since last reset)
  • The average score is 20 of 34

Answer Stats

TypeYearName% Correct
Film2023Eighty for Brady
100%
TV Show2006Family Guy
100%
Documentary Series2021-2022Man in the Arena
100%
Film2015Ted 2
100%
TV Show2005The Simpsons
100%
Documentary2019100%: Julian Edelman
50%
Documentary Series202230 for 30
50%
Documentary2021Becoming the G.O.A.T.: The Tom Brady Story
50%
Commercial2024BetMGM
50%
Commercial2010Comcast
50%
Commercial2020Crunchers
50%
Commercial2012Dodge Dart II
50%
Commercial2024Dunkin'
50%
TV Show2009Entourage
50%
Film2015Entourage
50%
Commercial2016Foot Locker
50%
Commercial2022FTX
50%
Documentary Series2017Huang's World
50%
Documentary Series2022Joe Montana: Cool Under Pressure
50%
TV Show2019Living with Yourself
50%
TV Show2005MADtv
50%
TV Show2007NBeebies Bedtime Story
50%
Documentary Series2023NFL Icons
50%
TV Show2005Saturday Night Live
50%
Web Series2017Seven Bucks Digital Studios
50%
Commercial2016Shields Health Care Group
50%
Commercial2016Simmons - Beautyrest Black
50%
Film2003Stuck on You
50%
Commercial2021-PresentSubway
50%
Documentary Mini-Series2024The Dynasty
50%
Documentary2020The Great Brady Heist
50%
TV Special2020The Match: Champions for Charity
50%
Commercial2021T-Mobile
50%
Documentary Series2018Tom vs. Time
50%

Score Distribution

Percentile by Number Answered

Percent of People with Each Score

Your Score History

You have not taken this quiz since the last reset